01814nam a2200277 a 4500001001000000005001700010008004100027041000800068044000700076084002000083100004500103245009500148260005500243300005600298500049700354500026100851500005901112500005401171500001001225650005201235650005601287650003401343650004501377700006401422740005001486BRCA_259420190320203900.0281108m18761879sp-a---###---#000-0dspa-# aspa asp a176b.R64c18761 aCervantes Saavedra, Miguel ded1547-161610aEl Ingenioso Hidalgo Don Quijote de la Manchaccompuesto por Miguel de Cervantes Saavedra. aCádizbJosé Rodríguez y Rodríguezc1876-79 a3 v. en 5 tomosbil.c21 cm.e1 mapa plegable (v.2) aContenido : v 1. Vida de Miguel de Cervantes S. por Ramón León Máinez. Texto. -- v 2. Primera parte. Principios de la edición príncipe. Advertencia de Máinez. Dedicatoria del autor. Prólogo del autor. Versos preliminares. Comentarios y notas. Mapa del Campo de Montiel en 1575. Texto. Notas y apéndices. -- v 3. Segunda parte del Ingenioso Cabellero D. Quijote de la Mancha. Principios de la edición príncipe. Dedicatoria del autor. Prólogo del autor. Apéndices. Texto aEdición : Dirigido al Dúque de Béjar. Impreso por primera vez en Madrid por Juan de la Cuesta el año de 1605, y ahora de nuevo publicado por vez primera en Cádiz por José Rodríguez y Rodríguez, bajo la dirección de Ramón León Máinez aEjemplar por completo igual al LO-175 Lúdovik Osterc aEstado físico : Recuperación física en 2008 aQM16814aNovela españolayÉpoca clásica, 1500-170014aLiteratura españolayÉpoca clásica, 1500-170014aNovela españolaySiglo XVII14aDon Quijote (Personaje ficticio)eNovela1 aMáinez Fernández, Ramón Leónd1847-1917eBiógrafo0 aEl Ingenioso Hidalgo Don Quijote de la Mancha